| 000 | 00782nam a22002537a 4500 | ||
|---|---|---|---|
| 005 | 20240813105923.0 | ||
| 008 | 230818b |||||||| |||| 00| 0 eng d RUSSEL | ||
| 020 | _a1485135885 | ||
| 020 | _a9781485135883 | ||
| 041 | _aEnglish | ||
| 044 | _cSouth Africa | ||
| 082 | _a347.1 DAM | ||
| 100 |
_aDamaseb, T. Petrus _lEnglish |
||
| 245 |
_aCourt-managed civil procedure of the high court of Namibia _blaw, procedure and practice / _cPetrus T. Damaseb |
||
| 250 | _aFirst edition | ||
| 260 |
_aCape Town : _bJuta and Company (pty) Ltd, _c2020 |
||
| 300 |
_b li, 435 pages, _c24.3 cm |
||
| 500 | _aIncludes index | ||
| 650 | _aCivil Procedure | ||
| 650 | _aThe high court of Namibia | ||
| 650 | _aNamibian Law | ||
| 650 | _aCourt management | ||
| 942 |
_cBK _6EMILLIE |
||
| 999 |
_c3 _d3 |
||